All Modern Samsung Phones - Statistics

General Stats
  • This quiz has been taken 116 times
  • The average score is 3 of 8
Answer Stats
Phone % Correct
Galaxy S24
91%
Galaxy S23
76%
Galaxy A54
41%
Galaxy Z Flip 5
29%
Galaxy Z Fold 5
28%
Galaxy A14
24%
Galaxy A03
15%
Galaxy A23
15%
No matching quizzes found
Score Distribution
Percent of People with Each Score
Percentile by Number Answered
Your Score History
You have not taken this quiz